书目信息 |
| 题名: |
杨佃会
|
|
| 作者: | 杨佃会 主编 | |
| 分册: | ||
| 出版信息: | 青岛 青岛出版社 2016 |
|
| 页数: | 10,248页 | |
| 开本: | 24cm | |
| 丛书名: | ||
| 单 册: | ||
| 中图分类: | R224.1 | |
| 科图分类: | ||
| 主题词: | 经络--jing lao--养生(中医) | |
| 电子资源: | ||
| ISBN: | 978-7-5552-3318-3 | |
| 000 | 00782nam0 22002411 450 | |
| 001 | 0124140246 | |
| 005 | 20170324140246.0 | |
| 010 | @a978-7-5552-3318-3@dCNY35.00 | |
| 100 | @a20160927d2016 em y0chiy50 ea | |
| 101 | 0 | @achi |
| 102 | @aCN@b370000 | |
| 105 | @aa z 000yy | |
| 106 | @ar | |
| 200 | 1 | @a杨佃会@9yang dian hui@e细说经络养生祛病@f杨佃会主编 |
| 210 | @a青岛@c青岛出版社@d2016 | |
| 215 | @a10,248页@c图@d24cm | |
| 300 | @a国医养生秘籍 | |
| 330 | @a本书共分十四章,前两章主要阐述十二经脉的常识和经络养生的常用方法,后十二章每章对应一条经脉,每条经脉又讲解了多种养生方法。 | |
| 606 | 0 | @a经络@9jing lao@x养生(中医) |
| 690 | @aR224.1@v5 | |
| 701 | 0 | @a杨佃会@9yang dian hui@f(1966~)@4主编 |
| 801 | 0 | @aCN@bTANGWEI@c20170308 |
| 905 | @b0962711-4@dR224.1@e385@f4 | |
| 杨佃会:细说经络养生祛病/杨佃会主编.-青岛:青岛出版社,2016 |
| 10,248页:图;24cm |
| 国医养生秘籍 |
| ISBN 978-7-5552-3318-3:CNY35.00 |
| 本书共分十四章,前两章主要阐述十二经脉的常识和经络养生的常用方法,后十二章每章对应一条经脉,每条经脉又讲解了多种养生方法。 |
| ● |
| 相关链接 |
|
|
|
|
正题名:杨佃会
索取号:R224.1/385
 
预约/预借
| 序号 | 登录号 | 条形码 | 馆藏地/架位号 | 状态 | 备注 |
| 1 | 0962711 | 209627117 | 第二样本阅览室/ [索取号:R224.1/385] | 在馆 | |
| 2 | 0962712 | 209627126 | 第三借阅区/ [索取号:R224.1/385] | 在馆 | |
| 3 | 0962713 | 209627135 | 第三借阅区/ [索取号:R224.1/385] | 在馆 | |
| 4 | 0962714 | 209627144 | 第三借阅区/ [索取号:R224.1/385] | 在馆 |